Statistics for Countries at 45 °N Latitude

Click here to take the quiz!

General Stats

  • This quiz has been taken 12,224 times
    (12,221 since last reset)
  • The average score is 12 of 14

Answer Stats

Country% Correct
United States
98%
Russia
97%
China
95%
France
92%
Japan
91%
Kazakhstan
90%
Mongolia
89%
Canada
88%
Italy
88%
Romania
81%
Croatia
78%
Serbia
78%
Uzbekistan
76%
Bosnia and
Herzegovina
74%

Score Distribution

Percentile by Number Answered

Percent of People with Each Score

Your Score History

You have not taken this quiz since the last reset